000 00656nam a2200277Ia 4500
005 20260121124657.0
008 008 260114s9999 xx 000 0 eng d
020 _a9789633861974
037 _aEBOOK
040 _aCRL
040 _beng
040 _cCRL
041 _2eng
041 _aeng
084 _qCRL
100 _aRainer, Janos M.
_9980067
245 0 _aUnderground Streams
260 _bWalter de Gruyter
260 _bWalter de Gruyter
260 _c2023
650 _aPolitical Science
_9980068
856 _uhttp://www.degruyter.com/isbn/9789633861974
942 _cEBOOK
999 _c1556377
_d1556377